000
00315nam a2200133Ia 4500
100
_a
Indian Oxygen
942
_c
BK
654
_a
Electric Arc Welders
245
_a
Instruction Book For Electric Arc Welders
260
_b
Indian Oxygen Ltd
_a
Calcutta
_c
1970
082
_a
671.5
300
_a
83
546
_a
ENGLISH
999
_c
28309
_d
28309